[Event "Lima Surco op 2nd"]
[Site "Lima"]
[Date "2017.07.09"]
[Round "3"]
[White "Suarez Aybar, Miguel Angel"]
[Black "Pena Morales, Hugo"]
[Result "0-1"]
[WhiteElo "1640"]
[BlackElo "2237"]
[PlyCount "86"]
[EventDate "2017.07.08"]
[EventType "swiss"]
[EventRounds "9"]
[EventCountry "PER"]
[SourceTitle "EXT 2018"]
[Source "ChessBase"]
[SourceDate "2017.10.13"]
[SourceVersion "1"]
[SourceVersionDate "2017.10.13"]
[SourceQuality "1"]

1. e4 c5 2. Nf3 d6 3. d4 cxd4 4. Nxd4 Nf6 5. Nc3 g6 6. Bc4 Bg7 7. Bb3 0-0 8. h3 Nc6 9. Be3 Nxd4 10. Bxd4 Be6 11. Qe2 Nd7 12. Bxg7 Kxg7 13. f4 Qa5 14. 0-0 Rac8 15. Qf3 Bc4 16. Rfd1 b5 17. Nd5 Bxd5 18. exd5 Nc5 19. Re1 Rc7 20. Re2 Qb6 21. Kh1 a5 22. a3 a4 23. Ba2 b4 24. Bb1 bxa3 25. Qxa3 Rb8 26. c3 Nb3 27. Qxa4 Nxa1 28. f5 Nb3 29. Bc2 Ra7 30. Qg4 Ra1+ 31. Kh2 Nd2 32. Bd3 Nf1+ 33. Kh1 Ne3+ 34. Kh2 Nxg4+ 35. hxg4 Qg1+ 36. Kg3 Ra2 37. Be4 Rbxb2 38. Rxb2 Rxb2 39. Bf3 Qe1+ 40. Kh3 g5 41. Kh2 Qh4+ 42. Kg1 Rb1+ 43. Bd1 Rxd1# 0-1